Θεωρία στοχαστικών διαδικασιών
Αποθηκεύτηκε σε:
| Κύριος συγγραφέας: | |
|---|---|
| Μορφή: | Βιβλίο |
| Γλώσσα: | Greek |
| Δημοσίευση: |
Αθήνα :
Σταμούλης,
2009-2010.
|
| Θέματα: | |
| Ετικέτες: |
Προσθήκη ετικέτας
Δεν υπάρχουν, Καταχωρήστε ετικέτα πρώτοι!
|
MARC
| LEADER | 00000cam a2200000 i 4500 | ||
|---|---|---|---|
| 001 | 1/8610 | ||
| 008 | 100622m20092010gr | ||| |||| ||gre|| | ||
| 020 | |a 9789603518440 (set) | ||
| 020 | |a 9789603517917 | ||
| 020 | |a 9789603518433 | ||
| 035 | |l 10108319 | ||
| 040 | |a GR-MyUA |b gre |e AACR2 | ||
| 041 | 0 | |a gre | |
| 082 | 0 | |a 519.2 |2 (22) | |
| 100 | 1 | |a Κωνσταντινίδης, Δημήτριος Γ. | |
| 245 | 1 | 0 | |a Θεωρία στοχαστικών διαδικασιών / |c Δημήτριος Γ. Κωνσταντινίδης. |
| 260 | |a Αθήνα : |b Σταμούλης, |c 2009-2010. | ||
| 300 | |a 2 τ. ; |c 24 εκ. | ||
| 504 | |a Περιλαμβάνει βιβλιογραφικές αναφορές και ευρετήρια. | ||
| 650 | 0 | 0 | |a Stochastic processes. |
| 650 | 0 | 0 | |a Markov processes. |
| 852 | |a INST |b CHIOS |c EUDOXUS |e 20131218 |h 519.2 ΚΩΝ |p 005200034689 |q 005200034689 |t EDX |y 0 |z τ.2 | ||
| 852 | |a INST |b CHIOS |c EUDOXUS |e 20131218 |h 519.2 ΚΩΝ |p 005200034690 |q 005200034690 |t EDX |y 0 |z τ.2 | ||
| 852 | |a INST |b CHIOS |c EUDOXUS |e 20131218 |h 519.2 ΚΩΝ |p 005200034691 |q 005200034691 |t EDX |y 0 |z τ.1 | ||
| 852 | |a INST |b CHIOS |c EUDOXUS |e 20131218 |h 519.2 ΚΩΝ |p 005200034692 |q 005200034692 |t EDX |y 0 |z τ.1 | ||
| 852 | |a INST |b CHIOS |c EUDOXUS |e 20131218 |h 519.2 ΚΩΝ |p 005200034689 |q 005200034689 |t EDX |v τ.2: |y 0 |z τ.2 | ||
| 852 | |a INST |b CHIOS |c EUDOXUS |e 20131218 |h 519.2 ΚΩΝ |p 005200034690 |q 005200034690 |t EDX |v τ.2: |y 0 |z τ.2 | ||
| 852 | |a INST |b CHIOS |c EUDOXUS |e 20131218 |h 519.2 ΚΩΝ |p 005200034691 |q 005200034691 |t EDX |v τ.1: |y 0 |z τ.1 | ||
| 852 | |a INST |b CHIOS |c EUDOXUS |e 20131218 |h 519.2 ΚΩΝ |p 005200034692 |q 005200034692 |t EDX |v τ.1: |y 0 |z τ.1 | ||
| 852 | |a INST |b SAMOS |e 20100622 |h 519.2 ΚΩΝ |p 005300031647 |q 005300031647 |t BK |y 23 |z τ.1 | ||
| 852 | |a INST |b SAMOS |e 20100622 |h 519.2 ΚΩΝ |p 005300031648 |q 005300031648 |t BK |y 0 |z τ.1 | ||
| 852 | |a INST |b SAMOS |e 20111003 |h 519.2 ΚΩΝ |p 005300032493 |q 005300032493 |t BK |y 4 |x 20230712 |z τ.1 | ||
| 852 | |a INST |b SAMOS |e 20100622 |h 519.2 ΚΩΝ |p 005300031647 |q 005300031647 |t BK |v τ.1: |y 23 |z τ.1 | ||
| 852 | |a INST |b SAMOS |e 20100622 |h 519.2 ΚΩΝ |p 005300031648 |q 005300031648 |t BK |v τ.1: |y 0 |z τ.1 | ||
| 852 | |a INST |b SAMOS |e 20111003 |h 519.2 ΚΩΝ |p 005300032493 |q 005300032493 |t BK |v τ.1: |y 4 |x 20230712 |z τ.1 | ||
| 852 | |a INST |b SAMOS |c EUDOXUS |e 20111104 |h 519.2 ΚΩΝ |p 005300032405 |q 005300032405 |t EDX |y 0 |z τ.1 | ||
| 852 | |a INST |b SAMOS |c EUDOXUS |e 20110316 |h 519.2 ΚΩΝ |p 005300032910 |q 005300032910 |t EDX |y 0 |z τ.1 | ||
| 852 | |a INST |b SAMOS |c EUDOXUS |e 20130206 |h 519.2 ΚΩΝ |p 005300033436 |q 005300033436 |t EDX |y 0 |z τ.1 | ||
| 852 | |a INST |b SAMOS |c EUDOXUS |e 20130206 |h 519.2 ΚΩΝ |p 005300033437 |q 005300033437 |t EDX |y 0 |z τ.2 | ||
| 852 | |a INST |b SAMOS |c EUDOXUS |e 20130206 |h 519.2 ΚΩΝ |p 005300033438 |q 005300033438 |t EDX |y 0 |z τ.2 | ||
| 852 | |a INST |b SAMOS |c EUDOXUS |e 20131105 |h 519.2 ΚΩΝ |p 005300035975 |q 005300035975 |t EDX |y 0 |z τ.1 | ||
| 852 | |a INST |b SAMOS |c EUDOXUS |e 20140109 |h 519.2 ΚΩΝ |p 005300036278 |q 005300036278 |t EDX |y 23 |z τ.2 | ||
| 852 | |a INST |b SAMOS |c EUDOXUS |e 20140515 |h 519.2 ΚΩΝ |p 005300036702 |q 005300036702 |t EDX |y 0 |z τ.2 | ||
| 852 | |a INST |b SAMOS |c EUDOXUS |e 20130930 |h 519.2 ΚΩΝ |p 005300040564 |q 005300040564 |t EDX |y 0 |z τ.2 | ||
| 852 | |a INST |b SAMOS |c EUDOXUS |e 20141217 |h 519.2 ΚΩΝ |p 005300040987 |q 005300040987 |t EDX |y 4 |x 20230712 |z τ.2 | ||
| 852 | |a INST |b SAMOS |c EUDOXUS |e 20150120 |h 519.2 ΚΩΝ |p 005300041281 |q 005300041281 |t EDX |y 0 |z τ.2 | ||
| 852 | |a INST |b SAMOS |c EUDOXUS |e 20111104 |h 519.2 ΚΩΝ |p 005300032405 |q 005300032405 |t EDX |v τ.1: |y 0 |z τ.1 | ||
| 852 | |a INST |b SAMOS |c EUDOXUS |e 20110316 |h 519.2 ΚΩΝ |p 005300032910 |q 005300032910 |t EDX |v τ.1: |y 0 |z τ.1 | ||
| 852 | |a INST |b SAMOS |c EUDOXUS |e 20130206 |h 519.2 ΚΩΝ |p 005300033436 |q 005300033436 |t EDX |v τ.1: |y 0 |z τ.1 | ||
| 852 | |a INST |b SAMOS |c EUDOXUS |e 20130206 |h 519.2 ΚΩΝ |p 005300033437 |q 005300033437 |t EDX |v τ.2: |y 0 |z τ.2 | ||
| 852 | |a INST |b SAMOS |c EUDOXUS |e 20130206 |h 519.2 ΚΩΝ |p 005300033438 |q 005300033438 |t EDX |v τ.2: |y 0 |z τ.2 | ||
| 852 | |a INST |b SAMOS |c EUDOXUS |e 20131105 |h 519.2 ΚΩΝ |p 005300035975 |q 005300035975 |t EDX |v τ.1: |y 0 |z τ.1 | ||
| 852 | |a INST |b SAMOS |c EUDOXUS |e 20140109 |h 519.2 ΚΩΝ |p 005300036278 |q 005300036278 |t EDX |v τ.2: |y 23 |z τ.2 | ||
| 852 | |a INST |b SAMOS |c EUDOXUS |e 20140515 |h 519.2 ΚΩΝ |p 005300036702 |q 005300036702 |t EDX |v τ.2: |y 0 |z τ.2 | ||
| 852 | |a INST |b SAMOS |c EUDOXUS |e 20130930 |h 519.2 ΚΩΝ |p 005300040564 |q 005300040564 |t EDX |v τ.2: |y 0 |z τ.2 | ||
| 852 | |a INST |b SAMOS |c EUDOXUS |e 20141217 |h 519.2 ΚΩΝ |p 005300040987 |q 005300040987 |t EDX |v τ.2: |y 4 |x 20230712 |z τ.2 | ||
| 852 | |a INST |b SAMOS |c EUDOXUS |e 20150120 |h 519.2 ΚΩΝ |p 005300041281 |q 005300041281 |t EDX |v τ.2: |y 0 |z τ.2 | ||
| 852 | |a INST |b SAMOS |c EUDOXUS |e 20180621 |h 519.2 ΚΩΝ |p 005300045282 |q 005300045282 |t EDX |v τ.1: |y 0 | ||
| 853 | |a INST |b CHIOS |c EUDOXUS |h 519.2 ΚΩΝ | ||
| 853 | |a INST |b SAMOS |h 519.2 ΚΩΝ | ||
| 853 | |a INST |b SAMOS |c EUDOXUS |h 519.2 ΚΩΝ | ||
| 901 | |a BIBL3-2015-1 | ||
| 901 | |a BIBL3-2014-3 | ||
| 901 | |a BIBL3-2014-2 | ||
| 901 | |a BIBL3-2014-1 | ||
| 901 | |a BIBL2-2013-2 | ||
| 901 | |a BIBL3-2013-3 | ||
| 901 | |a BIBL3-2013-3 | ||
| 901 | |a BIBL3-2013-1 | ||
| 901 | |a BIBL3-2011-2 | ||
| 901 | |a BIBL3-2011-2 | ||
| 901 | |a BIBL3-2011-1 | ||
| 901 | |a BIBL3-2010-2 | ||
| 909 | |a Σ |b 185873 | ||
| 909 | |a Σ |b 185601 | ||
| 909 | |a Σ |b 184866 | ||
| 909 | |a Σ |b 184370 | ||
| 909 | |a Σ |b 178992 | ||
| 909 | |a Σ |b 178766 | ||
| 909 | |a Σ |b 172543 | ||
| 909 | |a Σ |b 172544 | ||
| 909 | |a Σ |b 172545 | ||
| 909 | |a Σ |b 171769 | ||
| 909 | |a Σ |b 167417 | ||
| 909 | |a Σ |b 167018 | ||
| 909 | |a Σ |b 162544 | ||
| 909 | |a Σ |b 162545 | ||
| 909 | |a Χ |b 180069 | ||
| 909 | |a Χ |b 180070 | ||
| 909 | |a Χ |b 180071 | ||
| 909 | |a Χ |b 180072 | ||
| 920 | |a Εύδοξος |b Παραγγελία |y Σάμος-ΤΣΑΧΜ |z 2014-12 | ||
| 920 | |a Εύδοξος |b Επιστροφή |y Σάμος |z 2014-12 | ||
| 920 | |a Εύδοξος |b Επιστροφή |y Σάμος |z 2014-05 | ||
| 920 | |a Εύδοξος |b Παραγγελία-ΤΣΧΑΜ |y Σάμος |z 2013-12 | ||
| 920 | |a Εύδοξος |b Επιστροφή |y Σάμος |z 2013-09 | ||
| 920 | |a Εύδοξος |b Επιστροφή |y Σάμος |z 2013-05 | ||
| 920 | |a Εύδοξος |b Παραγγελία |y Σάμος-ΤΣΑΧΜ |z 2013-02 | ||
| 920 | |a Εύδοξος |b Επιστροφή |y Σάμος |z 2011-10 | ||
| 920 | |a Εύδοξος |b Επιστροφή |y Σάμος |z 2011-09 | ||
| 920 | |a Εύδοξος |b Επιστροφή |y Σάμος |z 2011-03 | ||
| 920 | |a Εύδοξος |b Επιστροφή |y Σάμος |z 2018-06 | ||
| 920 | |a Εύδοξος |b Παραγγελία |y Χίος |z 2013-12 | ||
| 970 | |a Σιτζίμη |b Γιασεμή |z 2010/06/22 | ||